| 000 | 00725nam a2200169 i 4500 | ||
|---|---|---|---|
| 001 | 54881 | ||
| 003 | ES-MaACL | ||
| 005 | 20230906163036.0 | ||
| 007 | t| | ||
| 008 | 931025s1892 sp ||||1| spa d | ||
| 245 | 0 | 3 |
_aLa ganaderia en España _b: avance sobre la riqueza pecuaria en 1891 formado por la Junta Consultiva Agronómica... / _cDirección General de Agricultura, Industria y Comercio. |
| 260 |
_aMadrid : _bDirección General de Agricultura, Industria y Comercio, _c1892 ( _fTipolitogr. de L. Péant é Hijos) |
||
| 300 |
_a5 v. : _bmap. ; _c28 cm. |
||
| 650 | 4 |
_aGanadería- _zEspaña. _9136165 |
|
| 710 | 1 |
_aEspaña. _bDirección General de Agricultura, Industria y Comercio. _93869 |
|
| 852 |
_aES-MaACL _jF-3238-42 |
||
| 999 |
_c54881 _d54881 |
||